principales cités grecques-1 - Statistiques

Statistiques générales
  • Ce quiz a été pris 111 fois
  • Le résultat moyen est 6 sur 14
Réponses sur la Carte
Les réponses sont colorées sur une échelle allant du rouge au vert en fonction du pourcentage des utilisateurs qui les ont devinées à leur premier essai. Vous pouvez retrouver ces pourcentages ci-dessous.
 
Statistiques - réponses
Réponse % Correct
Athènes
100%
Sparte
100%
Corinthe
77%
Thèbes
73%
Delphes
63%
Olympie
56%
Argos
41%
Marathon
33%
Mycènes
25%
Erétrie
19%
Epidaure
11%
Messène
10%
Némée
5%
Orchomène
3%
Aucun quiz correspondant
Distribution des résultats
% des personnes avec chaque résultat
Percentile par nombre de réponses
Votre historique - résultats
Vous n’avez pas pris ce quiz